|
|
|
|
| LEADER |
00723nab a2200181 i 4500 |
| 001 |
misc10763 |
| 005 |
20191106142408.0 |
| 008 |
170607s1933 hu o 0|| hun d |
| 022 |
|
|
|a 0025-0260
|
| 040 |
|
|
|a SZTE Miscellanea Repozitórium
|b hun
|
| 041 |
|
|
|a hun
|
| 100 |
2 |
|
|a Nagy J. Béla
|
| 245 |
1 |
2 |
|a A porosz középiskolai tanárképzés és tanárvizsgálatok
|h [elektronikus dokumentum] /
|c Nagy J. Béla
|
| 260 |
|
|
|c 1933
|
| 300 |
|
|
|a 174-178
|
| 490 |
0 |
|
|a Magyar pedagógia : a Magyar Tudományos Akadémia Pedagógiai Bizottságának folyóirata
|v 42
|
| 695 |
|
|
|a Pedagógusképzés Németország 20. sz. eleje, Porosz tanárképzés
|
| 856 |
4 |
0 |
|u http://misc.bibl.u-szeged.hu/10763/1/mp_1933_3391_174-178.pdf
|z Dokumentum-elérés
|